| 000 | 00724nam a2200217Ia 4500 | ||
|---|---|---|---|
| 003 | GCL | ||
| 008 | 140319s9999 xx 000 0 ara d | ||
| 040 |
_aGCL / _cGCL |
||
| 082 | 0 | 4 |
_a618.178 _bع ع |
| 100 | 1 | _aعبدالسلام ايوب | |
| 245 | 1 | 0 |
_aالعقم والانجاب والامراض الوراثية والانتقالية عند الرجل والمرأة / _cعبدالسلام ايوب |
| 260 |
_a[S.N] : _bدار الراتب الجامعية |
||
| 300 | _a203 ص | ||
| 490 | _a | ||
| 650 | 0 | 4 | _aالعقم عند الرجال |
| 650 | 0 | 4 | _aالامراض الوراثية |
| 650 | 0 | 4 | _aفسيولوجيا |
| 650 | 0 | 4 | _aالعقم |
| 650 | 0 | 4 | _aالعقم عند النساء |
| 942 |
_2ddc _cBK |
||
| 999 |
_c32902 _d32902 |
||